Fish endocrinology (Record no. 11715)

MARC details
000 -LEADER
fixed length control field 01279cam a2200373Ia 4500
001 - CONTROL NUMBER
control field SCP00NE0201PDF
003 - CONTROL NUMBER IDENTIFIER
control field BD-DhSAU
005 - DATE AND TIME OF LATEST TRANSACTION
control field 20151012144305.0
006 - FIXED-LENGTH DATA ELEMENTS--ADDITIONAL MATERIAL CHARACTERISTICS
fixed length control field m|||||o||d||||||||
007 - PHYSICAL DESCRIPTION FIXED FIELD--GENERAL INFORMATION
fixed length control field cr||||
008 - FIXED-LENGTH DATA ELEMENTS--GENERAL INFORMATION
fixed length control field 110518s2006 nhuadf sb 001 0 eng d
020 ## - INTERNATIONAL STANDARD BOOK NUMBER
International Standard Book Number 9781439842300 (ebook : PDF)
040 ## - CATALOGING SOURCE
Original cataloging agency BD-DhSAU
Transcribing agency BD-DhSAU
090 ## - LOCALLY ASSIGNED LC-TYPE CALL NUMBER (OCLC); LOCAL CALL NUMBER (OCLC)
Classification number (OCLC) (R) ; Classification number, CALL (RLIN) (NR) QL639.1
Local cutter number (OCLC) ; Book number/undivided call number, CALL (RLIN) .F5535 2006
092 ## - LOCALLY ASSIGNED DEWEY CALL NUMBER (OCLC)
Classification number 573.417
Item number F532
245 00 - TITLE STATEMENT
Title Fish endocrinology
Medium [electronic resource] /
Statement of responsibility, etc. editors, Manfred Reinecke, Giacomo Zaccone, B.G. Kapoor.
260 ## - PUBLICATION, DISTRIBUTION, ETC. (IMPRINT)
Place of publication, distribution, etc. Enfield, N.H. :
Name of publisher, distributor, etc. Science Publishers,
Date of publication, distribution, etc. c2006.
300 ## - PHYSICAL DESCRIPTION
Extent 2 v. :
Other physical details ill. (some col.).
504 ## - BIBLIOGRAPHY, ETC. NOTE
Bibliography, etc Includes bibliographical references and index.
530 ## - ADDITIONAL PHYSICAL FORM AVAILABLE NOTE
Additional physical form available note Also available in print edition.
538 ## - SYSTEM DETAILS NOTE
System details note Mode of access: World Wide Web.
650 #0 - SUBJECT ADDED ENTRY--TOPICAL TERM
Topical term or geographic name as entry element Fishes
General subdivision Endocrinology.
655 #7 - INDEX TERM--GENRE/FORM
Genre/form data or focus term Electronic books.
Source of term lcsh
700 1# - ADDED ENTRY--PERSONAL NAME
Personal name Reinecke, Manfred.
700 1# - ADDED ENTRY--PERSONAL NAME
Personal name Zaccone, Giacomo.
700 1# - ADDED ENTRY--PERSONAL NAME
Personal name Kapoor, B. G.
776 1# - ADDITIONAL PHYSICAL FORM ENTRY
International Standard Book Number 9781578083183
776 1# - ADDITIONAL PHYSICAL FORM ENTRY
International Standard Book Number 1578083184
776 1# - ADDITIONAL PHYSICAL FORM ENTRY
International Standard Book Number 9781578084142
776 1# - ADDITIONAL PHYSICAL FORM ENTRY
International Standard Book Number 1578084148
776 1# - ADDITIONAL PHYSICAL FORM ENTRY
International Standard Book Number 9781578084159
776 1# - ADDITIONAL PHYSICAL FORM ENTRY
International Standard Book Number 1578084156
856 40 - ELECTRONIC LOCATION AND ACCESS
Uniform Resource Identifier <a href="http://marc.crcnetbase.com/isbn/9781439842300">http://marc.crcnetbase.com/isbn/9781439842300</a>
Electronic format type application/PDF

No items available.